Sławne piosenki z lat 70, 80 i 90 cz.3 - Statystyki

Ogólne statystyki
  • Ten quiz został rozwiązany 115 razy
  • Średni wynik to 13 z 30
Statystyki odpowiedzi
Piosenka Wykonawca % Poprawnych
Waterloo ABBA
88%
Beat it Michael Jackson
87%
You're my heart, you're my soul Modern Talking
80%
Africa Toto
79%
Livin' on a Prayer Bon Jovi
78%
Don't stop me now Queen
75%
I'm still standing Elton John
74%
La Isla Bonita Madonna
72%
My heart will go on Celine Dion
66%
Total Eclipse of the Heart Bonnie Tyler
50%
Big in Japan Alphaville
46%
Ma Baker Boney M
43%
I just called to say i love you Stevie Wonder
42%
Live is Life OPUS
37%
How will I know Whitney Houston
36%
Call me Blondie
35%
Take my Breath Away Berlin
33%
Joyride Roxette
33%
Everybody wants to rule the World Tears for Fears
33%
Don't stop Believin' Journey
30%
Everlasting Love Sandra
29%
Night Fever Bee Gees
27%
I like Chopin Gazebo
27%
We built this City Starship
23%
Everywhere Fleetwood Mac
18%
Flashdance... What a Feeling Irene Cara
18%
Better off alone Alice Deejay
12%
Strangers by Night C.C. Catch
11%
Tribal Dance 2 Unlimited
4%
Push the feeling on Nightcrawlers
2%
Nie znaleziono quizów pasujących do podanych kryteriów
Rozkład punktacji
Procent ludzi z każdym wynikiem
Percentyl według liczby udzielonych odpowiedzi
Twoja historia wyników
Nie rozwiązałeś tego quizu